[Event "FB21 2122 SC Rochade Zeulenroda - SV Me"]
[Site "?"]
[Date "2021.11.27"]
[Round "1.1"]
[White "Mihok-Juhasz, Barbara"]
[Black "von Erichsen, Annegret"]
[Result "1-0"]
[WhiteElo "2258"]
[BlackElo "1998"]
[PlyCount "53"]
[EventDate "2021.??.??"]

1. e4 c5 2. Nf3 d6 3. d4 cxd4 4. Nxd4 Nf6 5. Nc3 a6 6. Be3 e6 7. g4 b5 8. g5 b4
9. Na4 Nxe4 10. Bg2 Bb7 11. Qg4 d5 12. O-O-O Qa5 13. Bxe4 Qxa4 14. Nxe6 Qd7 15.
Bf5 fxe6 16. Bxe6 Qc7 17. Rhe1 Be7 18. Bd4 Rf8 19. Be5 Qa5 20. Kb1 Rxf2 21. Bg3
Rf8 22. Bd6 Bxd6 23. Bxd5+ Be7 24. Rxe7+ Kxe7 25. Qe6+ Kd8 26. Bxb7+ Kc7 27.
Qe7+ 1-0

[Event "FB21 2122 SC Rochade Zeulenroda - SV Me"]
[Site "?"]
[Date "2021.11.27"]
[Round "1.2"]
[White "Wagner, Victoria"]
[Black "Ratay, Meike"]
[Result "1-0"]
[WhiteElo "1811"]
[BlackElo "1976"]
[PlyCount "113"]
[EventDate "2021.??.??"]

1. e4 c5 2. Nf3 d6 3. d4 cxd4 4. Nxd4 Nf6 5. Nc3 a6 6. Bd3 e5 7. Nde2 Be7 8.
O-O O-O 9. Ng3 Be6 10. Nd5 Bxd5 11. exd5 Nbd7 12. Nf5 Nxd5 13. Be4 N5f6 14.
Bxb7 Ra7 15. Bf3 Nc5 16. b4 Na4 17. c4 Nb6 18. Be3 e4 19. Be2 Rb7 20. c5 dxc5
21. Nxe7+ Rxe7 22. Qxd8 Rxd8 23. Bxc5 Re6 24. Bxa6 Nbd7 25. Bc4 Nxc5 26. Bxe6
Nxe6 27. a4 Rb8 28. a5 Rxb4 29. Rfb1 Rxb1+ 30. Rxb1 Nc7 31. Rb8+ Nfe8 32. a6
Kf8 33. a7 Ke7 34. Rb4 Na8 35. Rxe4+ Kd7 36. Kf1 Nd6 37. Rg4 g6 38. Rb4 Ne8 39.
Ke2 Nec7 40. Kf3 Kc6 41. Rf4 f5 42. g4 fxg4+ 43. Kxg4 h5+ 44. Kh4 g5+ 45. Kxg5
Ne6+ 46. Kf5 Nxf4 47. Kxf4 Kd6 48. Kg5 Ke5 49. f4+ Ke6 50. f5+ Ke7 51. Kxh5 Kf6
52. Kg4 Nc7 53. h4 Na8 54. Kf4 Nc7 55. Ke4 Na8 56. Kd5 Kxf5 57. Kc6 1-0

[Event "FB21 2122 SC Rochade Zeulenroda - SV Me"]
[Site "?"]
[Date "2021.11.27"]
[Round "1.3"]
[White "Nguyen, Ha Thanh"]
[Black "Wagner, Margarethe"]
[Result "1/2-1/2"]
[WhiteElo "1956"]
[BlackElo "1821"]
[PlyCount "90"]
[EventDate "2021.??.??"]

1. e4 c5 2. Nf3 d6 3. d4 cxd4 4. Nxd4 Nf6 5. Nc3 a6 6. Be3 e5 7. Nb3 Be7 8. Be2
O-O 9. O-O b5 10. a4 Bb7 11. axb5 axb5 12. Rxa8 Bxa8 13. Bxb5 Nxe4 14. Nd5 Bg5
15. Bb6 Qc8 16. c4 Nd7 17. Ba5 Kh8 18. Re1 Nec5 19. Nxc5 Nxc5 20. Nb6 Qe6 21.
Nxa8 Rxa8 22. b4 Na6 23. Qf3 Qc8 24. Qxf7 Bd2 25. Bxa6 Qxa6 26. Rd1 Bc3 27. h3
Bd4 28. Rd3 Rc8 29. Rf3 Qa8 30. Bc7 e4 31. Rf5 Qa1+ 32. Kh2 Be5+ 33. g3 Rg8 34.
Qd5 e3 35. fxe3 Qb2+ 36. Qg2 Qxb4 37. Qe2 Qc5 38. Rf7 Qc6 39. Ba5 Qe8 40. Rf2
Bxg3+ 41. Kxg3 Qe5+ 42. Kg2 Qxa5 43. Qd3 Qg5+ 44. Kh2 Qe5+ 45. Kg2 Qg5+ 1/2-1/2

[Event "FB21 2122 SC Rochade Zeulenroda - SV Me"]
[Site "?"]
[Date "2021.11.27"]
[Round "1.4"]
[White "Skibbe, Diana"]
[Black "Reuter, Elisa"]
[Result "1/2-1/2"]
[WhiteElo "1991"]
[BlackElo "1837"]
[PlyCount "51"]
[EventDate "2021.??.??"]

1. e4 c5 2. Nf3 Nc6 3. d4 cxd4 4. Nxd4 g6 5. Be2 Bg7 6. Nb3 Nf6 7. Nc3 O-O 8.
O-O d6 9. Be3 Be6 10. f4 Qc8 11. h3 h5 12. Kh2 Kh7 13. Nd2 Na5 14. Bd3 Kg8 15.
Qe2 Nc6 16. a3 Bd7 17. Nf3 e5 18. Nb5 Ne8 19. fxe5 Nxe5 20. Nbd4 Nc7 21. c3 Ne6
22. Rac1 Nxd3 23. Qxd3 Nc5 24. Qc2 Bc6 25. Nxc6 Qxc6 26. Bxc5 1/2-1/2

[Event "FB21 2122 SC Rochade Zeulenroda - SV Me"]
[Site "?"]
[Date "2021.11.27"]
[Round "1.5"]
[White "Mueller-Ludwig, Kristin"]
[Black "Jacke, Corinna"]
[Result "1-0"]
[WhiteElo "2060"]
[BlackElo "1947"]
[PlyCount "43"]
[EventDate "2021.??.??"]

1. e4 e6 2. d4 d5 3. Nc3 Bb4 4. e5 c5 5. a3 cxd4 6. axb4 dxc3 7. f4 cxb2 8.
Bxb2 Nh6 9. Nf3 Bd7 10. Nd4 O-O 11. Be2 Qb6 12. Qd2 Rc8 13. g4 Kh8 14. Ra3 Nc6
15. b5 Ne7 16. Bc3 Ng6 17. O-O Qd8 18. Bb4 Qh4 19. Rg3 a5 20. Bxa5 f6 21. exf6
gxf6 22. Nf3 1-0

[Event "FB21 2122 SC Rochade Zeulenroda - SV Me"]
[Site "?"]
[Date "2021.11.27"]
[Round "1.6"]
[White "Riemer-Nlula, Marion"]
[Black "Troyke, Doreen"]
[Result "0-1"]
[WhiteElo "1815"]
[BlackElo "1992"]
[PlyCount "42"]
[EventDate "2021.??.??"]

1. e4 c5 2. d4 cxd4 3. c3 d3 4. Bxd3 d6 5. f4 Nc6 6. Nf3 g6 7. O-O Bg7 8. Ng5
Nf6 9. Qb3 O-O 10. f5 Ne5 11. Bc4 Qc7 12. Bd5 Qc5+ 13. Kh1 Nxd5 14. exd5 Bxf5
15. Nd2 b5 16. Nge4 Qb6 17. Ng3 Bd3 18. Rd1 Ng4 19. Nde4 f5 20. h3 fxe4 21.
hxg4 Qf2 0-1

[Event "FB21 2122 SC Rotation Pankow - SC Leipz"]
[Site "Berlin"]
[Date "2021.11.27"]
[Round "1.1"]
[White "Weimert, Miriam"]
[Black "Burchardt, Brigitte"]
[Result "1/2-1/2"]
[WhiteElo "1902"]
[BlackElo "2085"]
[PlyCount "32"]
[EventDate "2021.??.??"]

1. e4 c5 2. Nf3 d6 3. d4 cxd4 4. Nxd4 Nf6 5. f3 g6 6. c4 Bg7 7. Be3 O-O 8. Be2
Nc6 9. Qd2 Nd7 10. Nc3 Nde5 11. O-O Nxd4 12. Bxd4 Be6 13. Nd5 f6 14. Rac1 Qd7
15. Rfd1 Rfd8 16. Qe3 Nc6 1/2-1/2

[Event "FB21 2122 SC Rotation Pankow - SC Leipz"]
[Site "Berlin"]
[Date "2021.11.27"]
[Round "1.2"]
[White "Wagner-Michel, Annett"]
[Black "Spangenberg, Romy"]
[Result "1-0"]
[WhiteElo "2059"]
[BlackElo "1876"]
[PlyCount "125"]
[EventDate "2021.??.??"]

1. e4 c5 2. Nf3 Nc6 3. Bb5 d6 4. O-O Bd7 5. Re1 Nf6 6. c3 a6 7. Bf1 b5 8. d4 e5
9. a4 c4 10. b3 Na5 11. bxc4 Nxc4 12. Bxc4 bxc4 13. dxe5 dxe5 14. Nxe5 Be6 15.
Qxd8+ Rxd8 16. Nd2 Rc8 17. Rb1 Bd6 18. Nef3 Nd7 19. Nd4 O-O 20. N2f3 Nc5 21.
Ba3 Rfd8 22. Rb6 Nxe4 23. Bxd6 Rxd6 24. Rxd6 Nxd6 25. Nxe6 fxe6 26. Rxe6 Rd8
27. Kf1 Kf7 28. Nd4 Nf5 29. Rxa6 Nxd4 30. cxd4 Rxd4 31. Rc6 c3 32. a5 Ra4 33.
Rxc3 Rxa5 34. Ke2 Kf6 35. h4 h5 36. Kf3 Kf5 37. Kg3 g6 38. Rc8 Ra3+ 39. f3 Ra5
40. Rf8+ Ke5 41. Kh3 Ra4 42. Kg3 Ra5 43. Kh3 Ra4 44. Rb8 Ra5 45. Rb6 Kf5 46.
g4+ hxg4+ 47. fxg4+ Kf4 48. Rf6+ Ke4 49. g5 Ra1 50. Rxg6 Rg1 51. Rf6 Ke5 52.
Rf3 Ke6 53. Rg3 Rh1+ 54. Kg4 Kf7 55. Kh5 Kg7 56. Rb3 Rh2 57. Rb7+ Kf8 58. Kg4
Kg8 59. h5 Rf2 60. g6 Rg2+ 61. Kf5 Rh2 62. Kg5 Rg2+ 63. Kh6 1-0

[Event "FB21 2122 SC Rotation Pankow - SC Leipz"]
[Site "Berlin"]
[Date "2021.11.27"]
[Round "1.3"]
[White "Lowke, Kathrin"]
[Black "Jahn, Constanze"]
[Result "1-0"]
[WhiteElo "1858"]
[BlackElo "2060"]
[PlyCount "75"]
[EventDate "2021.??.??"]

1. e4 b6 2. d4 Bb7 3. Nc3 d6 4. Nf3 g6 5. Bc4 e6 6. Be3 Bg7 7. Qd2 Nd7 8. O-O-O
a6 9. d5 e5 10. h4 Ngf6 11. a3 Ng4 12. h5 Nxe3 13. Qxe3 gxh5 14. Rxh5 Nf6 15.
Rh4 h5 16. Kb1 Ng4 17. Qe2 Kd7 18. Rdh1 Nf6 19. Ng5 Qe7 20. Qf3 Raf8 21. Ne2
Bh6 22. Ng3 Bxg5 23. Qf5+ Kd8 24. Qxg5 Rfg8 25. Qd2 Bc8 26. Qe2 Bg4 27. f3 Bd7
28. Nxh5 Nxh5 29. Rxh5 Rxh5 30. Rxh5 b5 31. Bd3 Qf6 32. g4 Qf4 33. Rh3 Ke7 34.
Qf2 Rxg4 35. Qa7 Rg3 36. Rh8 Qxf3 37. Qxc7 Kf6 38. Qxd7 1-0

[Event "FB21 2122 SC Rotation Pankow - SC Leipz"]
[Site "Berlin"]
[Date "2021.11.27"]
[Round "1.4"]
[White "Wolf, Sylvia"]
[Black "Lorenz, Nicole"]
[Result "1-0"]
[WhiteElo "2029"]
[BlackElo "1910"]
[PlyCount "71"]
[EventDate "2021.??.??"]

1. e4 c5 2. Nf3 Nc6 3. Bb5 d6 4. O-O Bd7 5. c3 a6 6. Ba4 Nf6 7. Re1 g6 8. d4
cxd4 9. cxd4 Bg7 10. Nc3 b5 11. Bb3 b4 12. Nd5 O-O 13. Bg5 h6 14. Nxf6+ exf6
15. Be3 f5 16. Bd5 fxe4 17. Bxe4 Qa5 18. Qb3 Kh7 19. Bf4 f5 20. Bxc6 Bxc6 21.
Bxd6 Rfd8 22. Be5 Bd5 23. Qe3 Re8 24. Rac1 Re7 25. Qf4 Rae8 26. Bxg7 Rxe1+ 27.
Rxe1 Rxe1+ 28. Nxe1 Kxg7 29. Qe5+ Kf7 30. b3 Qb5 31. f3 a5 32. Qc7+ Kf6 33. Kf2
Ke6 34. Ke3 Kf6 35. Nd3 Kg5 36. Qe7+ 1-0

[Event "FB21 2122 SC Rotation Pankow - SC Leipz"]
[Site "Berlin"]
[Date "2021.11.27"]
[Round "1.5"]
[White "Neumeyer, Hannelore"]
[Black "Mai, Iris"]
[Result "1-0"]
[WhiteElo "1872"]
[BlackElo "2021"]
[PlyCount "45"]
[EventDate "2021.??.??"]

1. d4 Nf6 2. Nc3 d5 3. e4 dxe4 4. f3 exf3 5. Nxf3 c6 6. Bd3 Bg4 7. Be3 Nbd7 8.
O-O e6 9. Qe1 Bh5 10. Ne5 Bg6 11. Rd1 Be7 12. Kh1 O-O 13. Nxg6 hxg6 14. Rf3 Nd5
15. Bc1 Bg5 16. Bxg6 Bxc1 17. Rxc1 N7f6 18. Bd3 Nxc3 19. bxc3 Nd7 20. Qe4 g6
21. Rcf1 Kg7 22. Rxf7+ Rxf7 23. Qxg6+ 1-0

[Event "FB21 2122 TuS Coswig 1920 - SG Leipzig"]
[Site "Berlin"]
[Date "2021.11.27"]
[Round "1.1"]
[White "Halas, Julia"]
[Black "Timme, Karin"]
[Result "1/2-1/2"]
[WhiteElo "2016"]
[BlackElo "2079"]
[PlyCount "146"]
[EventDate "2021.??.??"]

1. d4 d5 2. c4 e6 3. Nc3 Nf6 4. cxd5 exd5 5. Bg5 Be7 6. e3 O-O 7. Bd3 Re8 8.
Bxf6 Bxf6 9. Qh5 g6 10. Qxd5 Bxd4 11. Nge2 Bg7 12. Bc4 Qe7 13. Qb5 c6 14. Qb3
Nd7 15. O-O Ne5 16. Nf4 Nxc4 17. Qxc4 Bf5 18. Rac1 Rad8 19. Rfe1 Rd2 20. Re2
Red8 21. Qb3 Be5 22. Rxd2 Rxd2 23. Nfe2 Qd7 24. Re1 Be6 25. Qa3 a6 26. f4 Bd6
27. b4 Bb8 28. Ne4 Qd3 29. Qxd3 Rxd3 30. Nc1 Rd8 31. Nc5 Bc8 32. Kf2 Ba7 33.
N1b3 b6 34. Ne4 f5 35. Ng5 Rd6 36. Re2 Kg7 37. Rc2 Bb7 38. Nf3 Kf6 39. Ne5 g5
40. g3 Ba8 41. a4 h6 42. Ke2 Bb7 43. a5 b5 44. Nc5 Bxc5 45. Rxc5 Ke6 46. Nf3
Kf6 47. Nd4 Rd5 48. Rxd5 cxd5 49. Kd3 Bc8 50. Nb3 Ke6 51. Kd4 Kd6 52. Nc5 g4
53. Nd3 Bd7 54. Kc3 Kc7 55. Nc5 Bc8 56. Kd3 Kc6 57. Nb3 Bd7 58. Nd4+ Kd6 59.
Kc3 Kc7 60. Nc2 Bc8 61. Ne1 Bd7 62. Nd3 Kc6 63. Ne5+ Kd6 64. Kd3 Be8 65. Kd4 h5
66. Nd3 Bd7 67. Nc5 Bc8 68. Nb3 Bd7 69. Kd3 Kc6 70. Nd4+ Kb7 71. Kc3 Kc7 72.
Nc2 Be6 73. Ne1 Bc8 1/2-1/2

[Event "FB21 2122 TuS Coswig 1920 - SG Leipzig"]
[Site "Berlin"]
[Date "2021.11.27"]
[Round "1.3"]
[White "Gempe, Anet"]
[Black "Moldenhauer, Antje"]
[Result "1/2-1/2"]
[WhiteElo "1983"]
[BlackElo "1770"]
[PlyCount "27"]
[EventDate "2021.??.??"]

1. e4 c5 2. Nf3 d6 3. d4 cxd4 4. Nxd4 Nf6 5. Nc3 g6 6. Be2 Bg7 7. Be3 O-O 8.
O-O Nc6 9. f3 d5 10. exd5 Nxd5 11. Nxc6 bxc6 12. Nxd5 cxd5 13. c3 e5 14. Bc5
1/2-1/2

[Event "FB21 2122 TuS Coswig 1920 - SG Leipzig"]
[Site "Berlin"]
[Date "2021.11.27"]
[Round "1.4"]
[White "Gebhardt, Christine"]
[Black "Beltz, Martina"]
[Result "0-1"]
[WhiteElo "1706"]
[BlackElo "1900"]
[PlyCount "92"]
[EventDate "2021.??.??"]

1. e4 c5 2. Nc3 d6 3. g3 Nc6 4. Bg2 g6 5. d3 Bg7 6. f4 Nf6 7. Nf3 O-O 8. O-O
Nd4 9. Ne2 Bg4 10. c3 Nxf3+ 11. Bxf3 Bxf3 12. Rxf3 Qb6 13. Qc2 Rac8 14. h3 Qc6
15. f5 c4 16. Nd4 Qa6 17. fxg6 hxg6 18. Bg5 Qb6 19. Kh2 cxd3 20. Qxd3 Qxb2+ 21.
Nc2 Nd7 22. Qd1 Ne5 23. Rf2 Rxc3 24. Kg2 Nd3 25. Re2 Rfc8 26. Ne3 Qxa1 27. Qxa1
Rc1 28. Qxc1 Nxc1 29. Rd2 f6 30. Nd5 Kf7 31. Be3 b6 32. Kf3 e6 33. Nf4 g5 34.
Nh5 Bf8 35. Bd4 Be7 36. g4 Rc4 37. Ke3 Ra4 38. Bb2 Nxa2 39. Rf2 Rb4 40. Bxf6
Rb3+ 41. Bc3+ Ke8 42. Ng7+ Kd7 43. Rxa2 Rxc3+ 44. Kd2 Rc7 45. Ke2 Bf6 46. Nh5
Be5 0-1

[Event "FB21 2122 TuS Coswig 1920 - SG Leipzig"]
[Site "Berlin"]
[Date "2021.11.27"]
[Round "1.5"]
[White "Halas, Lena"]
[Black "Fruebing, Simone"]
[Result "0-1"]
[WhiteElo "1779"]
[BlackElo "1734"]
[PlyCount "56"]
[EventDate "2021.??.??"]

1. e4 c5 2. Nf3 e6 3. d4 cxd4 4. Nxd4 a6 5. c4 Qc7 6. Nc3 Nf6 7. Be3 Bb4 8. Bd3
O-O 9. O-O Nc6 10. Kh1 Bxc3 11. bxc3 Ne5 12. Bf4 d6 13. Bxe5 dxe5 14. Nb3 Bd7
15. Qe2 Bc6 16. Rab1 a5 17. Rb2 Rfd8 18. Rfb1 Qd6 19. Rd2 a4 20. Nc1 Nxe4 21.
Rc2 Nc5 22. Qg4 Nxd3 23. Nxd3 Qxd3 24. Rcc1 Qg6 25. Qh3 Rd3 26. f3 e4 27. Rg1
exf3 28. gxf3 Bxf3+ 0-1

[Event "FB21 2122 SV Medizin Erfurt - SC Bavari"]
[Site "?"]
[Date "2021.11.28"]
[Round "2.1"]
[White "Arnhold, Steffi"]
[Black "Mihok-Juhasz, Barbara"]
[Result "0-1"]
[WhiteElo "2087"]
[BlackElo "2258"]
[PlyCount "142"]
[EventDate "2021.??.??"]

1. e4 c5 2. Nf3 e6 3. d4 cxd4 4. Nxd4 Nc6 5. Nc3 Qc7 6. Be3 a6 7. Bd3 Nf6 8.
Qe2 b5 9. O-O Bb7 10. a3 Be7 11. f4 d6 12. Nf3 O-O 13. Kh1 b4 14. Na4 a5 15.
Bb6 Qb8 16. Bg1 Nd7 17. Rae1 e5 18. f5 Qc7 19. Bc4 Rac8 20. Bd5 Nd8 21. Bb3 Bc6
22. Nd2 Qb7 23. c4 Bxa4 24. Bxa4 Nc5 25. Bb5 Nc6 26. Nf3 Na7 27. a4 Nxb5 28.
axb5 Nd7 29. b3 Nf6 30. Nd2 Bd8 31. Ra1 Bb6 32. Ra4 Ra8 33. Rfa1 Nd7 34. R4a2
Bxg1 35. Kxg1 Qb6+ 36. Qf2 Nc5 37. Kf1 Ra7 38. Ke2 Rfa8 39. f6 g6 40. Qh4 Ne6
41. Nf3 h5 42. Qe1 Qb7 43. Kf1 Nc5 44. Nd2 Qc8 45. Qf2 Nxb3 46. Nxb3 Qxc4+ 47.
Kg1 Qxb3 48. Qd2 Kh7 49. b6 Rb7 50. Rxa5 Rxa5 51. Rxa5 Qc3 52. Qd1 Qe3+ 53. Kh1
Qxb6 54. Ra8 Qf2 55. h3 Qxf6 56. Qc1 Qg7 57. Qc6 f6 58. Qxd6 b3 59. Ra1 Qe7 60.
Qd2 Qd7 61. Qe2 Qd4 62. Rb1 b2 63. Kh2 Kg7 64. Qc2 Rb4 65. Qc7+ Kh6 66. Qf7
Qxe4 67. Qf8+ Kg5 68. Rf1 Rb6 69. Rf3 Qxf3 70. h4+ Kxh4 71. gxf3 b1=Q 0-1

[Event "FB21 2122 SV Medizin Erfurt - SC Bavari"]
[Site "?"]
[Date "2021.11.28"]
[Round "2.2"]
[White "Ratay, Meike"]
[Black "Palkova, Katerina"]
[Result "1-0"]
[WhiteElo "1976"]
[BlackElo "2029"]
[PlyCount "81"]
[EventDate "2021.??.??"]

1. e4 d6 2. d4 Nf6 3. Nc3 c6 4. Nf3 g6 5. a4 Bg7 6. Be2 O-O 7. O-O Nbd7 8. h3
e5 9. dxe5 dxe5 10. Be3 Qe7 11. Nd2 Nc5 12. Bc4 Rd8 13. Bxc5 Qxc5 14. Nb3 Qe7
15. Qf3 Be6 16. Bxe6 Qxe6 17. Rfd1 Qe7 18. Rxd8+ Rxd8 19. Rd1 Nh5 20. Rxd8+
Qxd8 21. g3 Nf6 22. Qe3 b6 23. Kg2 Qc7 24. Qd3 Nd7 25. Qc4 Nf8 26. Nd5 Qd7 27.
Qxc6 Qxc6 28. Ne7+ Kh8 29. Nxc6 a6 30. a5 Nd7 31. axb6 Nxb6 32. Nc5 Nc4 33. b3
Nd6 34. f3 Kg8 35. Nxa6 Kf8 36. Nc7 f5 37. Ne6+ Kf7 38. Nxg7 Kxg7 39. Nxe5 fxe4
40. fxe4 Nxe4 41. Kf3 1-0

[Event "FB21 2122 SV Medizin Erfurt - SC Bavari"]
[Site "?"]
[Date "2021.11.28"]
[Round "2.3"]
[White "Bardorz, Jana"]
[Black "Nguyen, Ha Thanh"]
[Result "0-1"]
[WhiteElo "1851"]
[BlackElo "1956"]
[PlyCount "102"]
[EventDate "2021.??.??"]

1. e4 c5 2. Nf3 Nc6 3. d4 cxd4 4. Nxd4 Nf6 5. Nc3 e5 6. Ndb5 d6 7. Bg5 a6 8.
Na3 b5 9. Nd5 Be7 10. Bxf6 Bxf6 11. c3 O-O 12. Nc2 Bg5 13. h4 Bh6 14. a4 bxa4
15. Rxa4 a5 16. Bc4 Rb8 17. b3 Kh8 18. Nce3 Bxe3 19. Nxe3 Ne7 20. h5 f5 21. Be2
Qc7 22. O-O fxe4 23. Rxe4 Bb7 24. Rc4 Qd8 25. Rg4 Ng8 26. c4 Nf6 27. Rg3 Ne4
28. Rg4 Nf6 29. Rg3 Ne4 30. Rg4 Nc5 31. h6 g6 32. f4 Qe7 33. f5 Be4 34. Nd5 Qa7
35. fxg6 Bxg6 36. Kh1 Ne4 37. Rxe4 Bxe4 38. Bd3 Bg6 39. Bxg6 hxg6 40. Rf6 Rxf6
41. Nxf6 Qe7 42. Nd5 Qh4+ 43. Kg1 Qxh6 44. Qf3 Rf8 45. Qc3 Qh5 46. Qxa5 Qd1+
47. Kh2 Qxb3 48. Qc7 Qb8 49. Qe7 Qd8 50. Qe6 Kg7 51. Qg4 Rf5 0-1

[Event "FB21 2122 SV Medizin Erfurt - SC Bavari"]
[Site "?"]
[Date "2021.11.28"]
[Round "2.4"]
[White "Reuter, Elisa"]
[Black "Leuchsenring, Christina"]
[Result "1-0"]
[WhiteElo "1837"]
[BlackElo "1924"]
[PlyCount "109"]
[EventDate "2021.??.??"]

1. e4 d6 2. d4 Nf6 3. Nc3 g6 4. Nf3 Bg7 5. Be3 O-O 6. Qd2 e5 7. dxe5 dxe5 8.
O-O-O Qxd2+ 9. Rxd2 c6 10. a4 Nbd7 11. h3 h6 12. Bc4 Re8 13. Rhd1 Bf8 14. Ne1
Nc5 15. f3 Be6 16. Bxe6 Nxe6 17. Nd3 Nc7 18. Ne2 Na6 19. c3 b6 20. Kc2 Kg7 21.
Nec1 Nd7 22. b4 Nc7 23. Nf2 Nf6 24. Ng4 Nxg4 25. hxg4 Ne6 26. Nd3 f6 27. Nb2
Red8 28. Rd7+ Kg8 29. Rxd8 Rxd8 30. Rxd8 Nxd8 31. Nd3 Ne6 32. a5 c5 33. axb6
axb6 34. bxc5 bxc5 35. Kb3 Kf7 36. Kc4 Ke7 37. Nxc5 Nc7 38. Nd3 Kd7 39. Bb6 Ne6
40. Nc5+ Bxc5 41. Bxc5 h5 42. gxh5 gxh5 43. Be3 Kc6 44. Kb4 Ng7 45. c4 Ne8 46.
Bf2 Nc7 47. Bh4 Ne8 48. c5 Kd7 49. Kb5 Kc7 50. c6 Nd6+ 51. Kc5 Ne8 52. Kd5 Kc8
53. Ke6 Kc7 54. Bxf6 Kxc6 55. Bxe5 1-0

[Event "FB21 2122 SV Medizin Erfurt - SC Bavari"]
[Site "?"]
[Date "2021.11.28"]
[Round "2.5"]
[White "Pavlov, Liliane"]
[Black "Mueller-Ludwig, Kristin"]
[Result "1-0"]
[WhiteElo "1701"]
[BlackElo "2060"]
[PlyCount "55"]
[EventDate "2021.??.??"]

1. d4 Nf6 2. c4 g6 3. Nf3 Bg7 4. g3 O-O 5. Bg2 d6 6. O-O Nbd7 7. Nc3 e5 8. e4
exd4 9. Nxd4 Re8 10. Re1 Ng4 11. f4 Nc5 12. h3 Nf6 13. Rb1 Nfxe4 14. Bxe4 f5
15. Bd5+ Kf8 16. Rxe8+ Qxe8 17. Bg2 a6 18. b4 Ne4 19. Nxe4 fxe4 20. Be3 c6 21.
Qc2 Bd7 22. Kh2 Qf7 23. Bxe4 Re8 24. Bf2 c5 25. bxc5 dxc5 26. Nf3 Qe7 27. Re1
b6 28. Bxg6 1-0

[Event "FB21 2122 SV Medizin Erfurt - SC Bavari"]
[Site "?"]
[Date "2021.11.28"]
[Round "2.6"]
[White "Troyke, Doreen"]
[Black "Oberhofer, Marie"]
[Result "1-0"]
[WhiteElo "1992"]
[BlackElo "1738"]
[PlyCount "89"]
[EventDate "2021.??.??"]

1. c4 e5 2. g3 Nf6 3. Bg2 d5 4. cxd5 Nxd5 5. Nc3 Nb6 6. Nf3 Nc6 7. d3 Be7 8.
O-O O-O 9. Bd2 a5 10. Rc1 Be6 11. Re1 a4 12. Qc2 Nb4 13. Qb1 f6 14. Be3 N6d5
15. Nxd5 Bxd5 16. a3 Na6 17. Qc2 Bb3 18. Qc3 c6 19. d4 exd4 20. Nxd4 Bd5 21.
Bh3 Nc7 22. Red1 Bd6 23. Nf5 Nb5 24. Qd3 Be5 25. Bc5 Re8 26. e4 Bb3 27. Qf3
Bxd1 28. Rxd1 Qc7 29. Nh6+ gxh6 30. Rd7 Qxd7 31. Bxd7 Red8 32. Qg4+ Kh8 33. Be6
Nd4 34. Bf7 Nb3 35. Be7 Rg8 36. Bxg8 Rxg8 37. Qd7 Bxb2 38. Qxb7 c5 39. Bxc5 Be5
40. Be3 h5 41. Kg2 h4 42. Qa6 hxg3 43. hxg3 Rd8 44. Qxa4 Nd2 45. Qa5 1-0

[Event "FB21 2122 SG Leipzig - SC Rotation Pank"]
[Site "Berlin"]
[Date "2021.11.28"]
[Round "2.1"]
[White "Burchardt, Brigitte"]
[Black "Halas, Julia"]
[Result "1-0"]
[WhiteElo "2085"]
[BlackElo "2016"]
[PlyCount "93"]
[EventDate "2021.??.??"]

1. e4 e6 2. d4 d5 3. exd5 exd5 4. Bd3 c5 5. Qe2+ Be7 6. dxc5 Qa5+ 7. c3 Qxc5 8.
Be3 Qd6 9. Na3 a6 10. Nf3 Nf6 11. h3 O-O 12. O-O Nc6 13. Rfd1 b5 14. Nc2 Re8
15. Ncd4 Na5 16. a4 b4 17. cxb4 Qxb4 18. Bd2 Qb6 19. Bxa5 Qxa5 20. Nc6 Qc7 21.
Nxe7+ Rxe7 22. Qd2 Bb7 23. Rac1 Qb6 24. a5 Qa7 25. Nd4 g6 26. Qf4 Ne4 27. Bxe4
dxe4 28. Qg5 Rae8 29. Qe3 Qb8 30. b4 Ba8 31. Rc4 f5 32. g3 Rc7 33. Rxc7 Qxc7
34. Rc1 Qe7 35. b5 axb5 36. Qb3+ Kh8 37. Nxb5 Rd8 38. Nc7 Rc8 39. Qb2+ Kg8 40.
Qb3+ Qf7 41. Qb6 Kh8 42. Rc3 Qd7 43. Kh2 Qd2 44. Qe3 Qd7 45. Nxa8 Rxa8 46. Qc5
Ra7 47. Qf8# 1-0

[Event "FB21 2122 SG Leipzig - SC Rotation Pank"]
[Site "Berlin"]
[Date "2021.11.28"]
[Round "2.4"]
[White "Beltz, Martina"]
[Black "Wolf, Sylvia"]
[Result "1/2-1/2"]
[WhiteElo "1900"]
[BlackElo "2029"]
[PlyCount "25"]
[EventDate "2021.??.??"]

1. d4 Nf6 2. Nf3 c5 3. e3 d5 4. Nbd2 Bg4 5. h3 Bf5 6. Ne5 Qc7 7. c4 e6 8. Ndf3
Bd6 9. Bd3 Bxd3 10. Qxd3 O-O 11. O-O Nc6 12. Nxc6 Qxc6 13. cxd5 1/2-1/2

[Event "FB21 2122 SG Leipzig - SC Rotation Pank"]
[Site "Berlin"]
[Date "2021.11.28"]
[Round "2.5"]
[White "Mai, Iris"]
[Black "Halas, Lena"]
[Result "1-0"]
[WhiteElo "2021"]
[BlackElo "1779"]
[PlyCount "73"]
[EventDate "2021.??.??"]

1. d4 d5 2. c4 dxc4 3. Nc3 Nf6 4. e3 Bf5 5. Bxc4 e6 6. Qb3 Qc8 7. Nf3 c6 8. a4
Be7 9. O-O O-O 10. Re1 Ne4 11. Nd2 Nxc3 12. bxc3 Bf6 13. Ba3 Re8 14. e4 Bg6 15.
Bf1 Nd7 16. Nc4 Be7 17. Nd6 Bxd6 18. Bxd6 Nf6 19. f3 Qd7 20. Be5 Rec8 21. a5 c5
22. Rab1 cxd4 23. cxd4 Qc6 24. Qxb7 Qa4 25. Qb4 Qxb4 26. Rxb4 Nd7 27. Bg3 h6
28. Rb7 Nf8 29. Bd6 Rd8 30. Bc5 Nd7 31. Bxa7 Nf6 32. a6 Rd7 33. Bc5 Rdd8 34. a7
Nd7 35. Be7 Re8 36. Rxd7 Kh7 37. Bc5 1-0

[Event "FB21 2122 SG Leipzig - SC Rotation Pank"]
[Site "Berlin"]
[Date "2021.11.28"]
[Round "2.6"]
[White "Just, Gabriele"]
[Black "Heyme, Sibylle"]
[Result "1/2-1/2"]
[WhiteElo "1827"]
[BlackElo "2020"]
[PlyCount "49"]
[EventDate "2021.??.??"]

1. d4 Nf6 2. Nf3 g6 3. Bg5 Bg7 4. Nbd2 d6 5. e3 Nbd7 6. Bd3 c5 7. c3 a6 8. a4
b6 9. O-O O-O 10. Qe2 Bb7 11. Rfd1 Qc7 12. Bxf6 Nxf6 13. dxc5 Qxc5 14. e4 Nd7
15. Nc4 Rfd8 16. h3 Bf6 17. Ne3 e6 18. Rd2 Qc7 19. Ng4 Bg7 20. Qe3 Nc5 21. Bc2
b5 22. axb5 axb5 23. Rxa8 Bxa8 24. Qf4 Qe7 25. Re2 1/2-1/2

[Event "FB21 2122 SC Leipzig-Lindenau - TuS Cos"]
[Site "Berlin"]
[Date "2021.11.28"]
[Round "2.2"]
[White "Spangenberg, Romy"]
[Black "Timme, Karin"]
[Result "0-1"]
[WhiteElo "1876"]
[BlackElo "2079"]
[PlyCount "88"]
[EventDate "2021.??.??"]

1. e4 c6 2. d4 d5 3. e5 Bf5 4. Bd3 Bxd3 5. Qxd3 e6 6. Ne2 Nd7 7. O-O c5 8. c3
Ne7 9. Ng3 h5 10. Bg5 h4 11. Bxe7 Bxe7 12. Ne2 Qb6 13. b3 O-O-O 14. Nd2 Kb8 15.
Rfb1 g5 16. b4 c4 17. Qf3 Rdf8 18. a4 f5 19. Nf1 Qd8 20. Qe3 Rhg8 21. f4 Qe8
22. Rb2 Qg6 23. Kh1 Rf7 24. Qf3 Qh6 25. Ne3 Nf8 26. fxg5 Bxg5 27. Nxd5 exd5 28.
Qxd5 Qe6 29. Qf3 Rfg7 30. Nf4 Bxf4 31. Qxf4 Rg4 32. Qf3 Ng6 33. a5 Ne7 34. a6
Qd5 35. Qxd5 Nxd5 36. axb7 Nxc3 37. Rc2 Nb5 38. Rxc4 Kxb7 39. Rd1 Re4 40. h3
Rd8 41. Rc5 Nxd4 42. e6 Nxe6 43. Rxd8 Nxd8 44. Rxf5 Rxb4 0-1

[Event "FB21 2122 SC Leipzig-Lindenau - TuS Cos"]
[Site "Berlin"]
[Date "2021.11.28"]
[Round "2.3"]
[White "Moses, Selina"]
[Black "Lowke, Kathrin"]
[Result "1-0"]
[WhiteElo "1862"]
[BlackElo "1858"]
[PlyCount "85"]
[EventDate "2021.??.??"]

1. e4 c5 2. Nf3 Nc6 3. d4 cxd4 4. Nxd4 g6 5. Nc3 Bg7 6. Be3 Nf6 7. Bc4 O-O 8.
Bb3 d6 9. f3 Bd7 10. Qd2 Qa5 11. O-O h5 12. Rad1 Rac8 13. Nxc6 bxc6 14. Nd5 Qd8
15. Nf4 c5 16. Nxg6 c4 17. Nxf8 Qxf8 18. Bxc4 Rxc4 19. b3 Rc7 20. c4 Be6 21.
Qa5 Rc8 22. Qg5 Kh7 23. Bd4 Bh6 24. Qh4 Qd8 25. Bxf6 exf6 26. Qxh5 Qb6+ 27. Kh1
Rh8 28. f4 Kg7 29. f5 Bd7 30. Qg4+ Kf8 31. Qg3 Ke7 32. Rd3 Bf8 33. Rfd1 Ke8 34.
a3 a5 35. b4 axb4 36. axb4 Qxb4 37. Rb3 Qc5 38. Rb8+ Bc8 39. Qb3 Rh4 40. Qb5+
Qxb5 41. cxb5 Kd7 42. Rc1 Rxe4 43. Rbxc8 1-0